LEADER 00866nam0-22003011i-4500 001 990001600040403321 005 20170210090426.0 035 $a000160004 035 $aFED01000160004 035 $a(Aleph)000160004FED01 035 $a000160004 100 $a20030910d1966----km-y0itay50------ba 101 0 $aita 102 $aIT 200 1 $aBibliografia sistematica del mandorlo$eprimo contributo$fGiacinto Donno 210 $aBari$cCamera di Commercio Industria e Agricoltura$d1966 215 $aXI, 270 p.$d24 cm 610 0 $aMandorle 610 0 $aBibliografia 676 $a016.634 55$v22$zita 700 1$aDonno,$bGiacinto$037252 801 0$aIT$bUNINA$gRICA$2UNIMARC 901 $aBK 912 $a990001600040403321 952 $a60 016 B 11$b40826$fFAGBC 959 $aFAGBC 996 $aBibliografia sistematica del mandorlo$9209431 997 $aUNINA LEADER 01047nam a22002651i 4500 001 991001956479707536 005 20040402094123.0 008 040407s1981 fr a||||||||||||||||mul 020 $a2251340432 035 $ab1284889x-39ule_inst 035 $aARCHE-082851$9ExL 040 $aDip.to Scienze Storiche$bita$cA.t.i. Arché s.c.r.l. Pandora Sicilia s.r.l. 041 0 $afrelat 100 0 $aGuibert :$cde Nogent$0171423 245 10$aAutobiographie /$cGuibert de Nogent ; introduction, édition et tradution par Edmond René Labande 260 $aParis :$bLes belles lettres,$c1981 300 $aXXXVII, 496 p. :$bill. ;$c20 cm 440 4$aLes classiques de l'histoire de France au Moyen age ;$v34 700 1 $aLabande, Edmond-René 907 $a.b1284889x$b02-04-14$c16-04-04 912 $a991001956479707536 945 $aLE009 Coll. V, 34$g1$i2009000179523$lle009$o-$pE0.00$q-$rn$so $t0$u1$v0$w1$x0$y.i13405214$z16-04-04 996 $aAutobiographie$9302359 997 $aUNISALENTO 998 $ale009$b16-04-04$cm$da $e-$fmul$gfr $h0$i1